Cartas

Guardat en:
Dades bibliogràfiques
Autor principal: Ozanam, Federico
Format: Llibre
Idioma:Undetermined
Publicat: Buenos Aires, Argentina Difusión 1853
Matèries:
Etiquetes: Afegir etiqueta
Sense etiquetes, Sigues el primer a etiquetar aquest registre!

MARC

LEADER 00000nam a2200000Ia 4500
008 170316s9999 xx 000 0 und d
090 |a 230 O-2c v.2 
100 |a Ozanam, Federico 
245 |a Cartas 
260 |a Buenos Aires, Argentina 
260 |b Difusión 
260 |c 1853 
300 |a 537 páginas Tomo 2 
650 |a TEOLOGÍA 
999 |c 18049  |d 18049 
040 |a cru BVZT 
942 |c 15 D  |h 230 O-2c v.2  |2 z